[Event "Titled Tue 5th Sep Late"]
[Site "chess.com INT"]
[Date "2023.09.05"]
[Round "11"]
[White "Terry, R."]
[Black "Niemann, Hans Moke"]
[Result "1-0"]
[WhiteElo "2520"]
[BlackElo "2667"]
[PlyCount "305"]
[EventDate "2023.09.05"]

1. Nf3 d5 2. a3 Nf6 3. b4 Bg4 4. Bb2 e6 $146 ({RR} 4... Nbd7 5. e3 e6 6. h3 Bh5 7. c4 Be7 8. cxd5 exd5 9. Be2 O-O 10. O-O Re8 11. d3 Bd6 12. Nbd2 c6 13. Nb3 Ne5 14. Nfd4 Bxe2 15. Qxe2 Ng6 16. Rac1 Rc8 17. Qf3 Ne5 18. Qd1 Ng6 19. Nc5 {Dubov,D (2690)-Kobalia,M (2609) Moscow 2019 1-0 (32)}) ({RR} 4... Nbd7 5. h3 Bh5 6. g4 Bg6 7. Bg2 e6 8. Nh4 Bd6 9. d3 O-O 10. O-O Nxg4 11. Nxg6 Bh2+ 12. Kh1 fxg6 13. e4 Nde5 14. d4 Nxf2+ 15. Rxf2 Rxf2 16. dxe5 Bxe5 17. Bxe5 Qg5 18. Qg1 Qxe5 19. Qxf2 {Bournel,A (2423)-Aslanov,U (2274) chess.com INT 2025 1-0}) 5. h3 Bh5 6. d3 Nbd7 7. Nbd2 Bd6 8. e3 O-O 9. g4 Bg6 10. Nh4 a5 11. b5 c6 12. bxc6 bxc6 13. Bg2 Rb8 14. Rb1 a4 15. Nxg6 hxg6 16. O-O Qa5 17. c4 Nc5 18. Qc2 Qa6 19. Bc3 Ncd7 20. Bd4 Ra8 21. c5 Be7 22. f4 Rfb8 23. Bxf6 Nxf6 24. d4 Rxb1 25. Rxb1 Bd8 26. Bf1 Qa7 27. Bd3 Nd7 28. Nf3 Bc7 29. g5 Nf8 30. Kg2 Rb8 31. Rxb8 Bxb8 32. Be2 e5 33. fxe5 Ne6 34. Bd1 Qa5 35. h4 Bc7 36. Qxa4 Qc3 37. Qb3 Qc1 38. Kf2 Ba5 39. a4 Bc3 40. Qc2 Qa3 41. Qb3 Qc1 42. Qc2 Qa3 43. Ke2 Ba5 44. Qb3 Qc1 45. Qd3 Qb2+ 46. Bc2 Qa1 47. Qd1 Qc3 48. Qb1 Qc4+ 49. Kf2 Qc3 50. Qb3 Qa1 51. Qb1 Qc3 52. Qd1 Qa3 53. Qe2 Qc3 54. Kg2 Qa1 55. Qd3 Qc1 56. Kf2 Qb2 57. Ke2 Qa1 58. Bb1 Qb2+ 59. Qc2 Qb4 60. Ba2 Qa3 61. Bb3 Qa1 62. Qa2 Qh1 63. Kf2 Qh3 64. Qe2 Qh1 65. Bd1 Qh3 66. Bc2 Qg4 67. Qf1 Kf8 68. Qg2 Qh5 69. Qh3 Ke7 70. Kg3 Qh8 71. Qg4 Qb8 72. Qh3 Qb2 73. Qg2 Qc1 74. Qe2 Bc3 75. Kf2 Qh1 76. Qf1 Qxf1+ 77. Kxf1 Ba5 78. Ke2 Nc7 79. Bd3 Ne6 80. Kf2 Kf8 81. Kg3 Bb4 82. Kf2 Ke7 83. Ke2 Ba5 84. Kd1 Bb4 85. Nd2 f6 86. exf6+ gxf6 87. Bxg6 fxg5 88. hxg5 Nxg5 89. Ke2 Ne6 90. Bf5 Nc7 91. Nb3 Kd8 92. Nc1 Na6 93. Nd3 Ba5 94. Ne5 Nb4 95. Bd7 Kc7 96. Be8 Kb7 97. Kf3 Bc7 98. Ng4 Nc2 99. Bg6 Nb4 100. Ke2 Bd8 101. Ne5 Bf6 102. Nf7 Kc7 103. Nd6 Bg5 104. Nf7 Bf6 105. Kd2 Na6 106. Nd6 Be7 107. Nf5 Bd8 108. Kc3 Kd7 109. Nd6 Ba5+ 110. Kd3 Nb4+ 111. Ke2 Na2 112. Bf5+ Kc7 113. Bc2 Nc3+ 114. Kf3 Na2 115. Ne8+ Kd7 116. Nf6+ Kc7 117. Ng4 Nb4 118. Bb1 Na6 119. Ne5 Nb4 120. Ng4 Kd7 121. e4 dxe4+ 122. Bxe4 Kc7 123. Ke3 Kb7 124. Ne5 Bc7 125. Nc4 Ka6 126. Kd2 Nd5 127. Bxd5 cxd5 128. Ne3 Ka5 129. Nxd5 Bb8 130. Kc3 Kxa4 131. Ne7 Kb5 132. Kd3 Ba7 133. c6 Bb6 134. Ke4 Bd8 135. Kd5 Kb6 136. Nc8+ Kc7 137. Nd6 Be7 138. Nf5 Ba3 139. Ng7 Bb2 140. Ne6+ Kc8 141. Kd6 Ba3+ 142. Kd5 Bb2 143. Kc4 Ba3 144. d5 Bd6 145. Kd4 Ba3 146. Ke5 Bb2+ 147. Kf5 Ba3 148. Ke4 Bd6 149. Kd4 Ba3 150. Kc4 Bd6 151. Nd4 Be5 152. Nb5 Kd8 153. d6 1-0

[Event "chess.com SpeedChess 2023"]
[Site "chess.com INT"]
[Date "2023.09.06"]
[Round "1.3"]
[White "Nihal, Sarin"]
[Black "Sarana, A."]
[Result "1-0"]
[WhiteElo "2694"]
[BlackElo "2693"]
[PlyCount "59"]
[EventDate "2023.09.04"]

1. Nf3 d5 2. b3 c5 3. e3 Nc6 4. Bb2 a6 5. d4 Nf6 6. Nbd2 Bg4 7. Be2 e6 8. O-O cxd4 9. Nxd4 Bxe2 10. Qxe2 Bb4 11. Nxc6 bxc6 12. Rfd1 $146 ({RR} 12. c3 Be7 13. c4 O-O 14. Rfd1 Qb6 15. Nf3 a5 16. Rab1 Qa6 17. Kf1 Rfb8 18. Bxf6 Bxf6 19. e4 Qb7 20. exd5 cxd5 21. cxd5 exd5 {½-½ (21) Grabow,P (2119)-Meshkov,Y (2347) Yerevan 2016}) 12... O-O 13. c4 Qe7 14. Nf3 Rfc8 15. h3 Ne4 16. Rac1 Ba3 17. Ne5 a5 18. Bxa3 Qxa3 19. Qc2 h6 20. cxd5 cxd5 21. Qxc8+ Rxc8 22. Rxc8+ Kh7 23. Nxf7 Qb2 24. Rf1 Nd2 25. Rfc1 Ne4 26. R1c2 Qf6 27. Rh8+ Kg6 28. Rf8 Kh7 29. f4 Ng3 30. Ng5+ 1-0

[Event "chess.com SpeedChess 2023"]
[Site "chess.com INT"]
[Date "2023.09.06"]
[Round "1.23"]
[White "Nihal, Sarin"]
[Black "Sarana, A."]
[Result "1-0"]
[WhiteElo "2694"]
[BlackElo "2693"]
[PlyCount "89"]
[EventDate "2023.09.04"]

1. Nf3 d5 2. b3 Nf6 3. Bb2 c5 4. e3 Nc6 5. Bb5 e6 6. O-O Bd6 7. Bxc6+ ({RR} 7. c4 O-O 8. Nc3 dxc4 9. Bxc6 bxc6 10. bxc4 Qc7 11. d3 Bd7 12. e4 Ng4 13. h3 Ne5 14. Na4 Nxf3+ 15. Qxf3 e5 16. Bc3 f5 17. exf5 Rxf5 18. Qe3 Raf8 19. Nxc5 Bxc5 20. Qxc5 Rg5 21. Qe3 Qd8 {Caruana,F (2781)-Badelka,O (2453) Chess.com INT 2022 1-0 (34)}) ({RR} 7. d4 cxd4 8. exd4 O-O 9. Re1 Bd7 10. a3 Rc8 11. Nbd2 Qb6 12. Bd3 Rfe8 13. Ne5 Nxd4 14. Nxd7 Nxd7 15. Qg4 Be5 16. Rxe5 Nxe5 17. Qxd4 Qxd4 18. Bxd4 Nxd3 19. cxd3 Rc2 20. Rd1 Rec8 21. Kf1 b6 {Diaz Mino,P (2262)-Clawitter,C (2050) chess.com INT 2024 1-0 (31)}) 7... bxc6 8. Ne5 O-O 9. d3 Nd7 $146 ({RR} 9... Qc7 10. f4 Nd7 11. Nxd7 Bxd7 12. Nd2 f6 13. Qh5 Rae8 14. Qh4 Bc8 15. c4 e5 16. f5 d4 17. e4 Qe7 18. Rf3 g6 19. g4 g5 20. Qg3 Qg7 21. Kf2 Kf7 22. Rh1 Ke7 23. h4 h6 24. hxg5 {Goncalves,E-Ramos,R Caioba 1993 ½-½ (63)}) 10. Nxd7 Bxd7 11. Nd2 e5 12. Qh5 f5 13. f4 Qe7 14. fxe5 Bxe5 15. Bxe5 Qxe5 16. Qe2 Rae8 17. Rae1 Qb2 18. Nf3 Re7 19. Qd2 Rfe8 20. a4 Qf6 21. Re2 d4 22. Rfe1 Qh6 23. e4 f4 24. Qa5 g5 25. Qxc5 g4 26. Nxd4 Rg7 27. Nf5 Qg5 28. Qc4+ Be6 29. Qxc6 Bd7 30. Qc4+ Be6 31. Qd4 Rd7 32. Qf2 Rf8 33. Kh1 g3 34. Qf3 Rxf5 35. exf5 Bd5 36. Re4 Qh4 37. h3 Bxe4 38. Rxe4 Qf6 39. Rxf4 Qa1+ 40. Qf1 Qe5 41. Re4 Qc7 42. Qe1 Kf7 43. Rh4 Kf6 44. Qe6+ Kg7 45. Rg4+ 1-0

[Event "chess.com SpeedChess 2023"]
[Site "chess.com INT"]
[Date "2023.09.06"]
[Round "1.25"]
[White "Nihal, Sarin"]
[Black "Sarana, A."]
[Result "1-0"]
[WhiteElo "2694"]
[BlackElo "2693"]
[PlyCount "101"]
[EventDate "2023.09.04"]

1. Nf3 d5 2. b3 c6 3. Bb2 Bg4 4. e3 e6 5. h3 ({RR} 5. d4 Nd7 6. Nbd2 f5 7. Be2 Ngf6 8. Ng5 Qe7 9. a4 O-O-O 10. c4 Kb8 11. a5 a6 12. b4 h6 13. Ngf3 dxc4 14. Nxc4 Bxf3 15. gxf3 g5 16. Ba3 Qf7 17. Qb3 Rg8 18. Nb2 g4 19. Bc4 Re8 {Nakamura,H (2736)-Jobava,B (2588) Chess.com INT 2022 0-1 (67)}) ({RR} 5. Be2 Nd7 6. O-O Ngf6 7. d3 Be7 8. Nbd2 O-O 9. h3 Bh5 10. g4 Bg6 11. Nh4 Ne8 12. Nxg6 hxg6 13. f4 Bf6 14. d4 g5 15. Nf3 Nd6 16. Bd3 g6 17. Ba3 c5 18. fxg5 Bxg5 19. Nxg5 Qxg5 {Theodorou,N (2611)-Leiva,G (2387) chess.com INT 2025 1-0}) 5... Bh5 6. d3 Nd7 7. Nbd2 f6 $146 ({RR} 7... Ngf6 8. Be2 Bd6 9. O-O O-O 10. e4 Qc7 11. Nh4 Bg6 12. Nxg6 hxg6 13. Bf3 Ne5 14. g3 Nxf3+ 15. Qxf3 Be5 16. c3 Rfd8 17. Rfd1 dxe4 18. Nxe4 Nxe4 19. Qxe4 Rd5 20. Kg2 Rad8 21. Rab1 R5d7 22. Qe3 {Sahovic,D-Buljovcic,I Porec 1974 0-1}) 8. Be2 Bd6 9. O-O Ne7 10. c4 Bf7 11. d4 O-O 12. e4 Rc8 13. Re1 Bb8 14. Bd3 Re8 15. Qc2 Nf8 16. Re2 Qd7 17. Rae1 Rcd8 18. Ba3 Neg6 19. g3 Ne7 20. exd5 cxd5 21. Bxe7 Rxe7 22. cxd5 Qxd5 23. Bc4 Qd7 24. Ne4 b6 25. h4 Qb7 26. Qd2 Bh5 27. Qe3 Kh8 28. Rd2 Bc7 29. Bf1 Qd5 30. Bg2 Qa5 31. Rc1 Bb8 32. Rdc2 Bg6 33. Nfd2 Red7 34. Rc8 Qa3 35. R1c2 Qa6 36. Rxd8 Rxd8 37. a4 Qa5 38. Rc1 Qb4 39. Rc4 Qa3 40. Bf3 Qa1+ 41. Kg2 Qb2 42. Nc3 e5 43. h5 Bf7 44. h6 Bxc4 45. Nxc4 Qc2 46. hxg7+ Kxg7 47. dxe5 Qg6 48. exf6+ Qxf6 49. Nd5 Qg6 50. Qc3+ Kg8 51. Ne7+ 1-0

[Event "Szansa Open Blitz 2023"]
[Site "Warsaw POL"]
[Date "2023.09.16"]
[Round "12"]
[White "Janik, Igor"]
[Black "Nasuta, G."]
[Result "1-0"]
[WhiteElo "2517"]
[BlackElo "2579"]
[PlyCount "115"]
[EventDate "2023.09.16"]
[EventType "blitz"]

1. Nf3 d5 2. g3 Bg4 3. Bg2 e6 4. c4 c6 5. O-O Nf6 6. d3 Nbd7 7. Nc3 Be7 8. Qb3 ({RR} 8. Be3 O-O 9. Qb3 Bxf3 10. Bxf3 Ne5 11. Qxb7 Nxf3+ 12. exf3 d4 13. Bxd4 Qxd4 14. Qxe7 Qxd3 15. Qc5 Qxf3 16. Rfe1 Rab8 17. Re3 Qg4 18. b3 Qh3 19. f3 Rbd8 20. Rd1 h5 21. Qg5 Rfe8 22. Re5 a6 {Pantsulaia,L (2605)-Sevian,S (2614) Chess.com INT 2018 0-1 (63)}) ({RR} 8. h3 Bh5 9. b3 O-O 10. Bb2 Re8 11. a3 Bd6 12. b4 e5 13. cxd5 cxd5 14. Nh4 Nb6 15. Nf5 Bf8 16. Rc1 Rc8 17. Re1 Bg6 18. Nh4 d4 19. Na4 Rxc1 20. Bxc1 Nbd5 21. Nxg6 hxg6 22. Bg5 Qd7 {Shyam,S (2470)-Martin,L (2053) chess.com INT 2025 1-0 (35)}) 8... Nc5 9. Qc2 O-O 10. Bf4 h6 $146 ({RR} 10... dxc4 11. dxc4 Bf5 12. Qc1 Qa5 13. Nh4 Bg4 14. h3 Bh5 15. g4 Bg6 16. Nxg6 hxg6 17. Qe3 Rad8 18. Rfd1 Qb4 19. b3 Rfe8 20. Bc7 Rc8 21. Be5 Red8 22. g5 Nfd7 23. Bd4 e5 24. Bxe5 Re8 25. Bd4 {Sogoyan,A (2018)-Alavkin,A (2405) Togliatti 2014 1-0 (43)}) 11. b4 Ncd7 12. a3 Bf5 13. Qb2 Re8 14. cxd5 Nxd5 15. Bd2 Bf6 16. Rac1 Rc8 17. Qb3 Nxc3 18. Bxc3 Bxc3 19. Rxc3 e5 20. Nd2 Be6 21. Qb2 Nb6 22. Ne4 Na4 23. Qc2 Nxc3 24. Qxc3 Bd5 25. Bh3 Be6 26. Bg2 Qc7 27. Nc5 Rcd8 28. Rc1 a6 29. a4 Re7 30. Qb2 Qd6 31. a5 Qd4 32. Qa3 Qd6 33. Qb2 Bc8 34. Rc4 Qg6 35. Qa3 Qf6 36. Rc1 Rd4 37. Ne4 Qg6 38. b5 Re8 39. e3 Rdd8 40. bxa6 bxa6 41. Qc3 Qe6 42. Nc5 Qd6 43. Rb1 Qc7 44. Rb6 Rd6 45. Be4 Kh8 46. Nxa6 Bxa6 47. Rxa6 c5 48. Rxd6 Qxd6 49. Qc4 Qc7 50. a6 Re6 51. Qb5 g6 52. Qb7 Qb6 53. Qxb6 Rxb6 54. a7 Ra6 55. a8=Q+ Rxa8 56. Bxa8 Kg7 57. Bd5 Kf6 58. Kg2 1-0

[Event "Titled Tue 12th Sep Early"]
[Site "chess.com INT"]
[Date "2023.09.12"]
[Round "2"]
[White "Nakamura, Hi"]
[Black "Nasuta, G."]
[Result "1-0"]
[WhiteElo "2780"]
[BlackElo "2579"]
[PlyCount "105"]
[EventDate "2023.09.12"]

1. Nf3 d5 2. b3 Bf5 3. Ba3 Nf6 4. e3 c6 5. c4 Nbd7 6. Nc3 e6 7. Bxf8 Nxf8 8. b4 N8d7 9. b5 $146 ({RR} 9. Be2 O-O 10. O-O h6 11. Qb3 Qe7 12. Rac1 Bg4 13. Ne1 Bxe2 14. Nxe2 a5 15. a3 axb4 16. axb4 Ne4 17. Nf3 Nd6 18. d3 Ra7 19. Ra1 Rfa8 20. Rxa7 Rxa7 21. h3 Qf6 22. Nc3 Ne5 23. Nxe5 Qxe5 {Nakamura,H (2780)-Meier,G (2628) chess.com INT 2023 0-1 (81)}) 9... O-O 10. bxc6 bxc6 11. Nd4 Ne5 12. cxd5 Nxd5 13. Nxd5 Qxd5 14. Qb3 Bg6 15. f4 Nd7 16. Rc1 c5 17. Nb5 Qxb3 18. axb3 Rab8 19. Bc4 Nb6 20. Be2 Be4 21. Kf2 Rfd8 22. Rhd1 Nd7 23. d4 cxd4 24. Rxd4 Nf6 25. Rxd8+ Rxd8 26. Nxa7 h6 27. Rc8 Rxc8 28. Nxc8 Nd5 29. Bf3 Bxf3 30. Kxf3 Kf8 31. e4 Nb4 32. Ke3 Ke8 33. Nd6+ Ke7 34. Nc4 Kd7 35. Kd4 Kc6 36. Ne5+ Kb5 37. Nxf7 Nc6+ 38. Kc3 Kc5 39. Ne5 Nd8 40. b4+ Kb5 41. h4 Nb7 42. Nc4 Nd8 43. g4 Nc6 44. Nd6+ Kb6 45. Kc4 Ne7 46. h5 Kc6 47. Nf7 Nc8 48. b5+ Kb6 49. Kb4 Ne7 50. Nd6 Kc7 51. Ne8+ Kb6 52. Nxg7 Nc8 53. g5 1-0

[Event "Titled Tue 12th Sep Early"]
[Site "chess.com INT"]
[Date "2023.09.12"]
[Round "4"]
[White "Mitrabha, G."]
[Black "Pranesh, M."]
[Result "1-0"]
[WhiteElo "2515"]
[BlackElo "2505"]
[PlyCount "225"]
[EventDate "2023.09.12"]

1. Nf3 Nf6 2. g3 d5 3. Bg2 Bg4 4. O-O e6 5. c4 c6 6. Qb3 Qb6 7. d3 Nbd7 8. Be3 ({RR} 8. Nc3 Be7 9. Be3 Qxb3 10. axb3 Bxf3 11. Bxf3 a6 12. h3 h5 13. Bg2 g6 14. Rfc1 O-O 15. f4 Rfe8 16. Bf2 Bf8 17. d4 b5 18. c5 Ra7 19. Ra5 Be7 20. Rca1 Nb8 21. b4 Bd8 22. R5a3 Kf8 {So,W (2778)-Giri,A (2777) chess24.com INT 2021 ½-½ (45)}) 8... Bc5 9. Bd2 $146 ({RR} 9. Bxc5 Nxc5 10. Qc2 O-O 11. Nbd2 Rfe8 12. h3 Bh5 13. g4 Bg6 14. Ne5 Ncd7 15. Ndf3 Nxe5 16. Nxe5 Rad8 17. Kh1 Nd7 18. Nxg6 hxg6 19. Rab1 g5 20. b4 Ne5 21. b5 c5 22. cxd5 exd5 23. Rfc1 c4 {Chigaev,M (2632)-Shapiro,D (2393) Chess.com INT 2022 1-0 (45)}) ({RR} 9. Bxc5 Nxc5 10. Qc2 O-O 11. Nbd2 a5 12. b3 h6 13. a3 Bf5 14. Rab1 Rfc8 15. h3 Qd8 16. Rfc1 b5 17. Qb2 b4 18. Ra1 Rab8 19. axb4 Rxb4 20. Qa3 Qb6 21. Qxa5 Qxa5 22. Rxa5 Nxb3 23. Nxb3 Rxb3 {Arca,C (2263)-Kashtanov,R (2357) chess.com INT 2025 1-0}) 9... O-O 10. Nc3 Qa6 11. cxd5 exd5 12. Qa4 Qb6 13. Rab1 a5 14. Qc2 Qa6 15. a3 a4 16. Bg5 Rfe8 17. Rfe1 h6 18. Bxf6 Nxf6 19. h3 Bh5 20. e3 Bd6 21. Nh4 Nd7 22. d4 Be7 23. Bf1 Qa7 24. Qf5 Bxh4 25. Qxh5 Bd8 26. Bd3 Nf6 27. Qf5 Qb8 28. Rbc1 Qd6 29. Bc2 g6 30. Qf3 b5 31. Na2 Ba5 32. Re2 Kg7 33. Bd3 Rac8 34. Rec2 Nd7 35. Bxb5 Qb8 36. Bxc6 Re7 37. Qxd5 Rxe3 38. fxe3 Qxg3+ 39. Qg2 Qxe3+ 40. Kh1 Nf6 41. Nb4 Nh5 42. Bf3 Nf4 43. Qg3 Qxc1+ 44. Rxc1 Rxc1+ 45. Kh2 Bc7 46. d5 Nh5 47. d6 Nxg3 48. dxc7 Nf1+ 49. Kg2 Ne3+ 50. Kf2 Nf5 51. Nc6 Rc2+ 52. Ke1 Nd6 53. Kd1 Rc5 54. Kd2 Kf6 55. Kd3 Ke6 56. Kd4 Rc4+ 57. Kd3 Rc1 58. Kd2 Rc5 59. Kd3 Kd7 60. Nb8+ Kc8 61. Na6 Ra5 62. Nb4 Kxc7 63. Nd5+ Kd8 64. Kd4 Rb5 65. Nb4 h5 66. Bd1 Ra5 67. Nc6+ Kc7 68. Nxa5 Nf5+ 69. Ke5 Kb6 70. Nc4+ Kc5 71. Nd2 Ne3 72. Bxa4 g5 73. Be8 g4 74. hxg4 h4 75. Bxf7 h3 76. Nf3 Nxg4+ 77. Kf4 h2 78. Nxh2 Nxh2 79. Bg6 Nf1 80. Bd3 Nd2 81. Ke3 Nb3 82. Be2 Kb6 83. Kd3 Nc5+ 84. Kc4 Nd7 85. b4 Ne5+ 86. Kd4 Nc6+ 87. Kd5 Ne7+ 88. Kc4 Nc6 89. a4 Ne5+ 90. Kc3 Nc6 91. Bd3 Ne5 92. Be4 Ka6 93. Kd4 Nf7 94. Kc5 Nd8 95. Bd3+ Kb7 96. Be4+ Ka6 97. Bd5 Ka7 98. Kd6 Kb6 99. Kd7 Nb7 100. Bxb7 Ka7 101. Kd6 Kb8 102. Bd5 Ka7 103. a5 Ka6 104. Bc4+ Ka7 105. b5 Kb7 106. b6 Ka8 107. a6 Kb8 108. Be6 Ka8 109. b7+ Kb8 110. Bd7 Ka7 111. Kc7 Kxa6 112. b8=Q Ka5 113. Qb5# 1-0

[Event "Titled Tue 12th Sep Early"]
[Site "chess.com INT"]
[Date "2023.09.12"]
[Round "5"]
[White "Daneshvar, Bardiya"]
[Black "Nakamura, Hi"]
[Result "1-0"]
[WhiteElo "2581"]
[BlackElo "2780"]
[PlyCount "95"]
[EventDate "2023.09.12"]

1. Nf3 g6 2. d4 d6 3. c4 Bg7 4. Nc3 Nc6 5. d5 Ne5 6. Nxe5 Bxe5 7. e4 Nf6 8. Bd3 e6 9. O-O Nd7 ({RR} 9... O-O 10. h3 exd5 11. cxd5 Nh5 12. Bh6 Qh4 13. Qf3 Nf4 14. Bxf8 Bxh3 15. Be7 f6 16. g3 Bg2 17. Qxg2 Nh3+ 18. Qxh3 Qxh3 19. Ne2 Kf7 20. Rac1 Rc8 21. Bxf6 Kxf6 22. Rc4 c5 23. dxc6 bxc6 24. Rfc1 {Le,Q (2739)-Moroni,L (2552) chess.com INT 2025 0-1 (39)}) 10. f4 Bg7 $146 ({RR} 10... Bd4+ 11. Kh1 O-O 12. Bc2 Bg7 13. Be3 Re8 14. Qd2 exd5 15. cxd5 Nb6 16. Bd4 Bd7 17. Rae1 Nc4 18. Qf2 f6 19. Bb3 Na5 20. Bd1 c5 21. dxc6 Nxc6 22. Bb3+ Kh8 23. Be3 Na5 24. Bd5 Be6 25. Bxe6 {Andreikin,D (2729)-Nakamura,H (2780) chess.com INT 2023 1-0 (58)}) 11. dxe6 fxe6 12. Be3 O-O 13. Qd2 b6 14. Rad1 Bb7 15. Bc2 Bc6 16. b4 Qh4 17. Nb5 Bxb5 18. cxb5 Rae8 19. Bb3 Kh8 20. Rc1 Nf6 21. Rxc7 Nxe4 22. Qe1 Qd8 23. Rxa7 d5 24. Rb7 d4 25. Bc1 Nd6 26. Rxg7 Kxg7 27. Qe5+ Rf6 28. Bb2 Nf7 29. Qxd4 Qxd4+ 30. Bxd4 e5 31. fxe5 Rxf1+ 32. Kxf1 Nxe5 33. Bd1 Kf7 34. Bxb6 Nd3 35. Be2 Nxb4 36. a4 Ke6 37. a5 Nd5 38. Bf2 Nc3 39. a6 Kd6 40. Bf3 Nxb5 41. a7 Nc7 42. Bg3+ Kc5 43. Bxc7 Re3 44. a8=Q Rb3 45. Qc6+ Kb4 46. Qd5 Kc3 47. Be5+ Kb4 48. Qd4+ 1-0

[Event "Titled Tue 12th Sep Early"]
[Site "chess.com INT"]
[Date "2023.09.12"]
[Round "6"]
[White "Pranav, V."]
[Black "Dragnev, Valentin"]
[Result "1-0"]
[WhiteElo "2579"]
[BlackElo "2585"]
[PlyCount "87"]
[EventDate "2023.09.12"]

1. Nf3 d5 2. g3 Bg4 3. Bg2 Nd7 4. O-O e6 5. d4 Ngf6 6. c4 c6 7. Ne5 Bf5 8. Nc3 Bd6 9. Bf4 Qc7 10. cxd5 exd5 11. Rc1 a6 $146 ({RR} 11... Qb8 12. Nxd7 Nxd7 13. Bxd6 Qxd6 14. Qb3 Nb6 15. Rfd1 O-O 16. e3 Bg4 17. Re1 Rfe8 18. a4 Rab8 19. a5 Nc4 20. Qa2 Nd2 21. Kh1 Nf3 22. Rf1 Qh6 23. h4 g5 {0-1 (23) Priasmoro,N (2521)-Avazkhonov,A (1538) chess.com INT 2023}) 12. Qb3 O-O 13. Nxd5 Nxd5 14. Bxd5 Nxe5 15. dxe5 Bxe5 16. Bxe5 Qxe5 17. Bf3 Rab8 18. Rfd1 Be6 19. Qa3 Rfd8 20. b3 h6 21. Qe7 Re8 22. Qb4 Qb2 23. Qa5 Bh3 24. e3 Qe5 25. Qxe5 Rxe5 26. Rd2 Kf8 27. Rcd1 Ke7 28. Rd4 Be6 29. Kg2 Ra5 30. R4d2 Rc5 31. e4 a5 32. Be2 Rc3 33. f4 g6 34. h3 h5 35. Bf3 Rh8 36. Re1 Ra8 37. f5 Bd7 38. f6+ Ke8 39. g4 h4 40. e5 a4 41. Red1 Be6 42. bxa4 Ra3 43. Rb1 Ra7 44. Bxc6+ 1-0

[Event "Titled Tue 12th Sep Late"]
[Site "chess.com INT"]
[Date "2023.09.12"]
[Round "4"]
[White "Jacobson, Brandon"]
[Black "Holt, C."]
[Result "1-0"]
[WhiteElo "2540"]
[BlackElo "2540"]
[PlyCount "41"]
[EventDate "2023.09.12"]

1. Nf3 d5 2. e3 Bg4 3. c4 c6 4. d4 e6 5. Qb3 Qc7 ({RR} 5... Qb6 6. Ne5 Bf5 7. g4 Bxb1 8. Rxb1 Bb4+ 9. Bd2 Bxd2+ 10. Kxd2 Nf6 11. Bd3 Nbd7 12. f4 dxc4 13. Qxc4 Rd8 14. g5 Nd5 15. a3 Nxe5 16. fxe5 h6 17. gxh6 Rxh6 18. h4 Ke7 19. b4 Rdh8 20. Qc5+ {Ree,H (2445)-Chernin,A (2615) Tilburg 1993 0-1 (34)}) 6. Ne5 ({RR} 6. Nbd2 Nd7 7. Bd3 Be7 8. e4 dxe4 9. Bxe4 Ngf6 10. Bc2 O-O 11. O-O c5 12. dxc5 Nxc5 13. Qc3 a5 14. b3 Nfd7 15. Qe3 Bf6 16. Rb1 Na6 17. a3 b5 18. Bb2 a4 19. Be4 Rab8 20. cxb5 Bxb2 {Krenek,G (1938)-Hernandez,H (2086) Trelew 2019 1-0 (42)}) 6... Bf5 7. Nc3 Bd6 8. g4 $146 ({RR} 8. f4 Nf6 9. Bd2 b6 10. Rc1 Nbd7 11. cxd5 exd5 12. Nb5 Qb8 13. Nxc6 {1-0 (13) Joerges,F (2054)-Krutsch,T (1385) Friedrichroda 2007}) 8... Bg6 9. f4 Ne7 10. Nxg6 Nxg6 11. h4 h5 12. g5 Nd7 13. Bd2 a6 14. O-O-O dxc4 15. Bxc4 c5 16. Bxe6 O-O 17. f5 Ne7 18. Bxf7+ Kh8 19. f6 Nf5 20. Qe6 Ng3 21. fxg7+ 1-0

[Event "Titled Tue 12th Sep Late"]
[Site "chess.com INT"]
[Date "2023.09.12"]
[Round "4"]
[White "Demidov, M."]
[Black "Ghasi, A."]
[Result "1-0"]
[WhiteElo "2563"]
[BlackElo "2508"]
[PlyCount "123"]
[EventDate "2023.09.12"]

1. Nf3 g6 2. d4 Bg7 3. e3 Nf6 4. Be2 O-O 5. O-O d6 6. b4 Nbd7 ({RR} 6... c6 7. Bb2 a5 8. b5 a4 9. Na3 Ne4 10. c4 Qa5 11. Qc2 d5 12. Bd3 Bf5 13. Rfc1 Nd7 14. Nh4 e6 15. Nxf5 gxf5 16. Rab1 Rfc8 17. bxc6 bxc6 18. cxd5 cxd5 19. Qxc8+ Rxc8 20. Rxc8+ Nf8 21. Bxe4 {Fedoseev,V (2688)-Mihajlov,S (2375) chess.com INT 2022 1-0 (36)}) ({RR} 6... c5 7. bxc5 dxc5 8. Bb2 cxd4 9. exd4 Nc6 10. c4 Qb6 11. Qb3 Ne4 12. Rd1 Bf5 13. Na3 Nc5 14. Qxb6 axb6 15. Nb5 Na4 16. Bc1 e5 17. Be3 exd4 18. Nfxd4 Nxd4 19. Bxd4 Rad8 20. Bxg7 Kxg7 21. Bf3 {Hidalgo Diaz,D (2399)-La Villa Rivas,M (2258) Ciego de Avila CUB 2025 ½-½}) 7. Bb2 e5 $146 ({RR} 7... Ne4 8. Nbd2 Ndf6 9. c4 Bg4 10. Nxe4 Nxe4 11. Nd2 Bxe2 12. Qxe2 Nxd2 13. Qxd2 c5 14. dxc5 Bxb2 15. Qxb2 dxc5 16. bxc5 Qc7 17. Rfd1 Rab8 18. Qb5 a6 19. Rd7 Qe5 20. Qb1 Rfc8 21. Rd5 Qf6 22. h3 {Dzankic,S-Omanovic,V (2089) Gorazde 2009 0-1 (45)}) 8. dxe5 Ng4 9. c4 Ndxe5 10. Nc3 a5 11. a3 Be6 12. Nd4 Bd7 13. h3 Nf6 14. Qc2 Re8 15. Rfd1 Qc8 16. Bf1 Nc6 17. Nxc6 Bxc6 18. b5 Be4 19. Bd3 Qf5 20. Nxe4 Nxe4 21. Bxg7 Kxg7 22. f3 Qc5 23. Bxe4 Qxe3+ 24. Qf2 Qxf2+ 25. Kxf2 Rab8 26. Re1 Re5 27. Bd5 c6 28. Rxe5 dxe5 29. bxc6 bxc6 30. Bxc6 Rb2+ 31. Kf1 Rc2 32. Bd5 f5 33. Rb1 Kh6 34. Rb5 Kg5 35. g3 f4 36. h4+ Kh5 37. Be4 Rc1+ 38. Kg2 fxg3 39. Kxg3 Rxc4 40. Rxe5+ Kh6 41. Rxa5 Kg7 42. h5 Kh6 43. hxg6 hxg6 44. Ra6 Kg5 45. Rxg6+ Kh5 46. Ra6 Rc5 47. a4 Rg5+ 48. Kf2 Rc5 49. Rb6 Rc3 50. a5 Ra3 51. a6 Ra2+ 52. Kg3 Ra3 53. Kf4 Ra5 54. Ke3 Ra3+ 55. Bd3 Rxa6 56. Rxa6 Kh4 57. Rg6 Kh3 58. Kf4 Kh2 59. Rg3 Kh1 60. Ke3 Kh2 61. Kf2 Kh1 62. Rh3# 1-0

[Event "Titled Tue 12th Sep Late"]
[Site "chess.com INT"]
[Date "2023.09.12"]
[Round "6"]
[White "Svane, R."]
[Black "Niemann, Hans Moke"]
[Result "1-0"]
[WhiteElo "2641"]
[BlackElo "2667"]
[PlyCount "63"]
[EventDate "2023.09.12"]

1. Nf3 {ChessBase} Nf6 2. g3 d5 3. Bg2 g6 4. c4 c6 5. Qb3 Bg7 6. d4 O-O 7. Nc3 dxc4 8. Qxc4 Bf5 9. O-O Nbd7 10. h3 ({RR} 10. Qb3 Qb6 11. Re1 Qxb3 12. axb3 Be6 13. b4 Nd5 14. b5 Nb4 15. bxc6 bxc6 16. Ra5 c5 17. Ng5 ({RR} 17. dxc5 Nc6 18. Ra3) 17... cxd4 18. Nxe6 ({RR} 18. Bxa8 dxc3) 18... fxe6 19. Bxa8 dxc3 20. bxc3 ({RR} 20. Rxa7 cxb2 21. Bxb2 Bxb2 22. Rxd7 Rxa8 23. Rxe7 ({RR} 23. Rb7 Ba3) ({RR} 23. Rb1 Ra1)) 20... Bxc3 21. Rd1 Rxa8 22. Rxd7 Nd3 23. Ra2 Nxc1 24. Rc2 Nxe2+ {Giri,A (2797)-Vachier Lagrave,M (2775) Tbilisi 2015 CBM 165 [ChessBase] ½-½ (41)}) 10... Ne4 ({RR} 10... Qb6 11. Qb3 Qxb3 12. axb3 Be6 13. b4 Nd5 14. b5 Nxc3 15. bxc3 Bd5 16. bxc6 Bxc6 17. Ba3 Rfe8 18. e3 Nb6 19. Rfc1 Nc4 20. Rc2 a5 21. Nd2 Bxg2 22. Kxg2 Nxd2 23. Rxd2 Rec8 24. Bxe7 Rxc3 25. Bb4 {Svane,R (2628)-Maksimovic,B (2505) chess.com INT 2024 1-0 (37)}) 11. Qb3 Qb6 12. g4 $146 ({RR} 12. Rd1 Qxb3 13. axb3 Nb6 14. Ne1 Nxc3 15. bxc3 Be6 16. Rb1 a5 17. Nd3 a4 18. Nc5 Bc8 19. Bd2 axb3 20. Rxb3 Nc4 21. Nxb7 Ra2 22. Bc1 Bxb7 23. Rxb7 Rxe2 24. Bxc6 Rc2 25. Rxe7 Rxc3 26. Bd5 Nb6 {Gelfand,B (2695)-Sutovsky,E (2647) Poikovsky 2018 1-0 (38)}) 12... Nxc3 13. bxc3 Be4 14. Ba3 Rfe8 15. Ng5 Qxb3 16. axb3 Bxg2 17. Kxg2 e5 18. e3 exd4 19. cxd4 c5 20. Rac1 cxd4 21. Rc7 Rad8 22. exd4 Bxd4 23. Rd1 Ne5 24. Rxb7 Bb6 25. Rxd8 Rxd8 26. Bb2 h6 27. Ne6 fxe6 28. Bxe5 Rd2 29. Rg7+ Kf8 30. Rxg6 Rxf2+ 31. Kg3 Re2 32. Bf4 1-0

[Event "Titled Tue 12th Sep Late"]
[Site "chess.com INT"]
[Date "2023.09.12"]
[Round "9"]
[White "Nakamura, Hi"]
[Black "Pranav, V."]
[Result "1-0"]
[WhiteElo "2780"]
[BlackElo "2579"]
[PlyCount "63"]
[EventDate "2023.09.12"]

1. Nf3 Nf6 2. b3 d5 3. e3 c6 4. c4 g6 5. Bb2 Bg7 6. d4 O-O 7. Be2 Nbd7 8. Nc3 b6 9. cxd5 cxd5 10. O-O Bb7 11. b4 $146 ({RR} 11. Ne5 Rc8 12. f4 Ne8 13. Rc1 Nd6 14. Ba3 Nf5 15. Qd2 Nxe5 16. fxe5 Bh6 17. Rxf5 gxf5 18. Bd3 Re8 19. Bxf5 e6 20. Bd3 Qg5 21. Re1 a6 22. Nd1 Bf8 23. Bxf8 Rxf8 24. Rf1 f5 25. Rf3 Qe7 {Porat,Y-Mastichiadis,F Helsinki 1952 1-0 (42)}) 11... Ne4 12. Qb3 e6 13. Rac1 a6 14. Rc2 Re8 15. Rfc1 Bf8 16. Ne5 Nxe5 17. dxe5 d4 18. exd4 Bh6 19. Rd1 Nxf2 20. Kxf2 Qh4+ 21. Kf1 Qxh2 22. d5 Qxe5 23. Bf3 Qh2 24. Ne4 exd5 25. Qc3 Qh1+ 26. Kf2 Qh4+ 27. Kg1 f6 28. Nxf6+ Kf7 29. Nxe8 Rxe8 30. Re2 Rxe2 31. Bxe2 Bf4 32. Qh3 1-0